In time : poets, poems, and the rest /

Bibliographic Details
Main Author: Williams, C. K. (Charles Kenneth), 1936-2015
Corporate Author: ebrary, Inc
Format: eBook
Language:English
Published: Chicago ; London : University of Chicago Press, 2012.
Subjects:
Online Access:Connect to the full text of this electronic book

MARC

Tag First Indicator Second Indicator Subfields
LEADER 00000cam a2200000Ia 4500
001 in00002785568
006 m o d
007 cr cn|||||||||
008 120224s2012 ilu o 000 0 eng d
005 20250816213816.5
010 |z  2012007986 
020 |z 0226899519 (cloth : alkaline paper) 
020 |z 9780226899510 (cloth : alkaline paper) 
020 |z 9780226899527 (e-book) 
020 |z 0226899527 (e-book) 
035 |a (CaPaEBR)ebr10610369 
040 |a CaPaEBR  |c CaPaEBR  |d UtOrBLW 
050 1 4 |a PS3573.I4483  |b A6 2012eb 
082 0 4 |a 811/.54  |2 23 
100 1 |a Williams, C. K.  |q (Charles Kenneth),  |d 1936-2015. 
245 1 0 |a In time :  |b poets, poems, and the rest /  |c C. K. Williams. 
264 1 |a Chicago ;  |a London :  |b University of Chicago Press,  |c 2012. 
300 |a 1 online resource (x, 228 pages) 
336 |a text  |b txt  |2 rdacontent 
337 |a computer  |b c  |2 rdamedia 
338 |a online resource  |b cr  |2 rdacarrier 
500 |a Electronic resource. 
600 1 0 |a Williams, C. K.  |q (Charles Kenneth),  |d 1936-  |v Interviews. 
650 0 |a English poetry  |x History and criticism. 
655 7 |a Electronic books.  |2 local 
710 2 |a ebrary, Inc. 
856 4 0 |u https://ebookcentral.proquest.com/lib/tamucs/detail.action?docID=1039041  |y Connect to the full text of this electronic book  |t 0 
980 |a 121127  |b 45  |c USD  |e 45  |f YBP_EBR0000047632  |g 1 
999 f f |s bb0ca516-4e8c-3c92-98d5-fd5cff92ddb9  |i 42a62460-c9c4-38f2-9b37-a9fb2b99b153  |t 0 
999 |a MARS 
952 f f |a Texas A&M University  |b College Station  |c Electronic Resources  |d Available Online  |t 0  |e PS3573.I4483 A6 2012eb  |h Library of Congress classification 
998 f f |a PS3573.I4483 A6 2012eb  |t 0  |l Available Online